[Event "MTS Logistics 2017"]
[Site "Urla"]
[Date "2017.07.09"]
[Round "4.2"]
[White "Agdelen, Huseyin Can"]
[Black "Bulmaga, Irina"]
[Result "1/2-1/2"]
[WhiteElo "2309"]
[BlackElo "2412"]
[Annotator "TA"]
[PlyCount "115"]
[EventDate "2017.??.??"]
[EventType "schev"]
[EventCountry "TUR"]
[SourceTitle "playchess.com"]
[Source "ChessBase"]
[SourceQuality "1"]

{[%evp 22,115,44,42,62,62,55,37,53,49,58,52,57,59,46,20,61,39,86,63,68,37,37,37,54,22,41,37,34,0,0,0,0,0,0,0,0,0,0,0,0,0,23,24,46,-22,-22,-85,-21,-92,14,-10,154,138,147,149,122,128,195,192,299,296,304,173,173,173,156,62,58,44,56,-29986,-29987,-29986,-1560,-1402,-1187,-992,-566,-502,19,19,20,20,20,17,17,17,31,24,24,24,46,46,46,46]} 1. e4 c5 2. Nf3 d6 3. d4 cxd4 4. Nxd4 Nf6 5. Nc3 a6 6. h3 e5 7. Nde2 h5 {B90: Sicilian Najdorf: Unusual White 6th moves, 6 Be3 Ng4 and 6 Be3 e5} 8. g3 Be6 9. Bg2 Nbd7 (9... b5 10. O-O Nbd7 11. Be3 Be7 12. Nd5 Nxd5 13. exd5 Bf5 14. f4 Rc8 15. c3 {0-1 (53) Karjakin,S (2781)-Vachier Lagrave,M (2796) Paris 2017}) 10. a4 Be7 11. O-O Rc8 12. Be3 {LiveBook: 12 Games} Nb6 13. b3 d5 {Threatens to win with ...d4.} 14. Bxb6 $1 Qxb6 15. Nxd5 Nxd5 16. exd5 Bf5 $146 17. c4 O-O 18. Nc3 (18. a5 $5 {[%cal Ra5b6]} Qh6 19. Nc3 $14) 18... Bg6 19. a5 Qc7 20. Ne4 Rcd8 21. Qd2 Bxe4 $1 22. Bxe4 f5 23. Bg2 e4 24. Rac1 Qe5 25. Rfe1 h4 26. g4 Bd6 27. f4 $1 {[%cal Rf4e5]} Bc5+ 28. Kh1 e3 29. Qd3 Qxf4 30. Rf1 Qg3 31. Rf3 $36 {[%mdl 2048] Black is under pressure.} Qd6 {White must now prevent ...fxg4.} (31... Qe5 $5 {[%cal Rc5d6]} 32. Rxf5 Rxf5 33. Qxf5 Qxf5 34. gxf5 Bb4 $11) 32. gxf5 Qe5 33. Qe2 (33. Rc2 $14) 33... Rde8 $1 $11 34. Kg1 (34. f6 $11 {remains equal.}) 34... Bd6 (34... g6 $17 35. f6 (35. fxg6 $2 Rxf3 36. Bxf3 Qg3+ 37. Kh1 Qxh3+ 38. Kg1 Re5 $19) 35... Rxf6 36. Rxf6 Qxf6) 35. c5 (35. Bf1 $1 $11 {keeps the balance.}) 35... Rc8 (35... Qh2+ $17 36. Kf1 Bg3) 36. c6 (36. b4 $5 {[%cal Rc1c4]}) 36... Rxf5 $2 (36... Rce8 $11) 37. Rxf5 $16 (37. Qxe3 Qh2+ 38. Kf1 Rxf3+ 39. Bxf3 Qxh3+ 40. Ke2 Qh2+ 41. Kd3 Rf8 $11) 37... Qxf5 38. Qxe3 Bf4 39. Qf3 {Rf1 is the strong threat.} Qe5 (39... g5 $16) 40. Rd1 $18 Rf8 (40... Qe3+ $142 41. Qxe3 Bxe3+ 42. Kf1 bxc6 43. dxc6 Kf7 44. Rd7+ Kf6) 41. Kh1 Bg3 42. Qe4 (42. Qg4 $142) 42... Qh5 43. Rc1 Re8 44. Qc4 ({White should try} 44. Qf3 $16 Qxf3 45. Bxf3) 44... Bd6 $1 $14 45. Qc3 (45. cxb7 {is a self mate.} Qe5 46. Kg1 Rf8 47. Bf3 Qe3+ 48. Kh1 Qxf3+ 49. Kg1 Qg3+ 50. Kh1 Qh2#) 45... Qg5 {( -> ...Re2)} 46. c7 $2 {[%mdl 8192] [#]} ({Don't capture} 46. cxb7 $2 Qf4 $19) (46. Re1 $14 Re7 47. Rxe7 (47. cxb7 Qf4 $17) 47... Qxe7 48. b4) 46... Qf4 {[%csl Gd6][%cal Rf4h2]} 47. Kg1 Qh2+ (47... Rf8 $142 48. Bf3 Qg3+ 49. Kf1 Rxf3+ 50. Qxf3 Qxf3+ 51. Kg1 Qe3+ 52. Kg2 Qxc1 53. Kf3 Qxc7 54. Kf2 Qc2+ 55. Kf3 Qd3+ 56. Kf2 Bc5+ 57. Ke1 Be3 58. b4 Qd2+ 59. Kf1 Qf2#) 48. Kf1 $19 Rf8+ 49. Bf3 {[#]} Bxc7 $1 {[%mdl 512]} 50. Qe3 (50. Qxc7 Rxf3+) 50... Bf4 $2 (50... Bxa5 $19 51. Rc4 Qg3) 51. Qe6+ $11 Kh8 52. Rc8 Bd6 $1 {Hoping for ...Qh1+.} 53. Rxf8+ Bxf8 54. Qf5 Qd6 55. Qh5+ Kg8 56. Qxh4 Qe5 57. Qe4 Qa1+ 58. Qe1 {Precision: White = 46%, Black = 46%.} 1/2-1/2

[Event "MTS Logistics 2017"]
[Site "Urla"]
[Date "2017.07.09"]
[Round "4.3"]
[White "Tuncer, Tuna"]
[Black "Koksal, Ege"]
[Result "1/2-1/2"]
[WhiteElo "2274"]
[BlackElo "2390"]
[Annotator "TA"]
[PlyCount "59"]
[EventDate "2017.??.??"]
[EventType "schev"]
[EventCountry "TUR"]
[SourceTitle "playchess.com"]
[Source "ChessBase"]
[SourceQuality "1"]

{[%evp 14,59,4,5,164,185,185,174,164,108,164,171,191,115,280,122,123,12,23,22,16,20,39,46,36,8,20,8,13,4,12,7,29,29,30,30,54,55,56,57,56,43,49,0,56,0,30,0]} 1. e4 e5 2. Nf3 Nc6 3. Bc4 Bc5 4. b4 Bxb4 5. c3 Bd6 (5... Ba5 6. d4 d6 7. Qb3 Qd7 8. O-O Bb6 9. Bb5 a6 10. Ba4 Ba7 11. Na3 Nge7 12. d5 b5 13. Nxb5 axb5 14. Bxb5 O-O 15. dxc6 Qg4 16. Qc2 {0-1 (48) Li,C (2751)-Ding,L (2766) Huaian 2016}) 6. O-O {C51: Evans Gambit: Declined and Accepted without 5...Ba5} Nf6 7. d4 O-O 8. Nbd2 {LiveBook: 13 Games. The position is equal.} Re8 $146 (8... h6 $11) ({Predecessor:} 8... h6 9. Re1 Re8 10. Nf1 exd4 11. cxd4 Rxe4 12. Rxe4 Nxe4 13. Bb2 Bf8 14. d5 {½-½ (46) Belyakov,B (2487)-Anton Guijarro,D (2650) Doha 2016}) 9. Ng5 $18 Re7 {[#]} 10. f4 $1 {[%cal Rf4e5]} exf4 11. e5 (11. Nxf7 $18 Rxf7 12. Bxf7+ Kxf7 13. e5 Nxe5 14. Qb3+ (14. dxe5 Bxe5 15. Nf3 Bd6 $16) 14... Kg6 15. dxe5 Bxe5 16. Nc4) 11... Nxe5 (11... Bxe5 $16 {was worth a try.} 12. Bxf7+ (12. dxe5 Nxe5 13. Bb3 d5 $14) 12... Rxf7) 12. dxe5 Bxe5 13. Ndf3 ({White should try} 13. Nxf7 $18 Rxf7 14. Bxf7+ Kxf7 15. Nf3) 13... Bd6 $2 (13... d5 $16) 14. Nd4 (14. Nxf7 $18 Rxf7 15. Bxf7+ Kxf7 16. Ng5+ Kg6 17. h4 (17. Bxf4 Bc5+ 18. Kh1 d5 $18)) 14... h6 15. Nh3 (15. Bxf7+ $16 Kh8 16. Rf3) 15... Bc5 16. Nxf4 {[#] And now Qf3 would win.} d5 17. Bd3 Ne4 18. Bxe4 Rxe4 19. Kh1 c6 20. Nd3 Bg4 21. Qd2 Bxd4 22. cxd4 Be2 23. Rf2 Bxd3 24. Qxd3 Qh4 25. Be3 Rae8 26. Rf3 Qe7 {[%cal Re4e3]} 27. Bd2 Qh4 28. Be3 Qe7 $1 {[%cal Re4e3]} 29. Bd2 Qh4 30. Be3 {Precision: White = 30%, Black = 33%.} 1/2-1/2

[Event "MTS Logistics 2017"]
[Site "Urla"]
[Date "2017.07.09"]
[Round "4.4"]
[White "Kesgin, Halit Kaan"]
[Black "Ozen, Deniz"]
[Result "0-1"]
[WhiteElo "2207"]
[BlackElo "2351"]
[Annotator "TA"]
[PlyCount "112"]
[EventDate "2017.??.??"]
[EventType "schev"]
[EventCountry "TUR"]
[SourceTitle "playchess.com"]
[Source "ChessBase"]
[SourceQuality "1"]

{[%evp 11,112,16,16,9,20,28,24,-6,-13,-19,33,0,0,-82,-67,-53,-77,-122,-60,-81,-64,-178,-176,-195,-97,-104,-114,-113,-63,-78,-65,-47,-55,-60,-20,-31,-27,-32,-27,-30,-16,-15,-13,-26,-23,-61,-62,-60,-60,-58,-61,-77,-78,-87,-64,-64,-64,-64,-64,-94,-57,-104,-97,-231,-231,-238,-238,-239,-159,-238,-239,-237,-230,-210,-217,-199,-127,-238,-132,-171,-172,-29967,-29969,-29968,-29972,-29972,-29972,-29973,-29975,-29971,-8,-8,-8,-8,-8,-8,-8,-29981,-29982,-29983,-29984,-29984,-29985]} 1. e4 e6 2. d4 d5 3. Nd2 c5 4. Ngf3 Nf6 5. exd5 exd5 6. Bb5+ Bd7 {LiveBook: 967 Games} 7. a4 {C08: French Tarrasch: 3...c5 4 exd5 exd5 sidelines} (7. Bxd7+ Nbxd7 8. O-O Be7 9. dxc5 Nxc5 10. Nb3 Nce4 11. Nfd4 Nd6 12. c3 Rc8 13. Bf4 O-O 14. Re1 Re8 15. Qf3 g6 16. Nc1 Nfe4 17. Nd3 Bf6 18. Rad1 Bxd4 19. cxd4 {0-1 (52) Kovalev,V (2598)-Savchenko,B (2613) Budapest 2017}) 7... Bxb5 (7... a6 $5 {[%cal Ra6b5]} 8. Bxd7+ Nbxd7 $11) 8. axb5 Qe7+ 9. Ne5 $146 {White has an edge.} ({Predecessor:} 9. Kf1 Qe6 10. g3 Qh3+ 11. Kg1 Nbd7 12. Ng5 Qf5 13. Qe2+ Be7 14. Ndf3 h6 {1-0 (50) Meiners,E (2183)-Kraas,H (1645) ICCF email 2010}) 9... cxd4 10. Ndf3 Qb4+ (10... Nbd7 $1 $11 11. Qxd4 Nxe5 12. Qxe5 Qxe5+ 13. Nxe5 Bc5) 11. Bd2 Qxb5 12. Ra5 (12. Nxd4 $11 Qxb2 13. c3) 12... Qb6 $17 13. Qe2 Be7 $1 14. Rb5 Qa6 (14... Qc7 $17 15. Bf4 (15. Nxd4 O-O $17) 15... a6) 15. Nxd4 {aiming for Nf5.} O-O $1 16. Nf5 (16. O-O $15) 16... Re8 $1 $19 17. O-O Bd6 (17... Bc5 $19 {has better winning chances. Threatens to win with ...Nc6.} 18. c4 Nbd7) 18. Nxd6 $17 Qxd6 19. f4 Nc6 {...Nd4 is the strong threat.} 20. Rxb7 Nxe5 21. fxe5 Rxe5 22. Qb5 d4 (22... a6 $5 {[%cal Ra6b5]} 23. Qb4 Qxb4 24. Bxb4 d4 $15) 23. Qd3 {Black should prevent Bf4.} Qd5 24. Rb4 Rd8 25. Ra4 Rd7 26. Rf4 {[%cal Ra4d4]} Ne4 27. Ra5 Nc5 28. Qf3 {And now b4 would win.} Qxf3 29. Rxf3 {Black must now prevent b4.} f6 30. Bf4 Red5 31. Bb8 a6 32. b4 Rb7 (32... Ne4 {is interesting.} 33. Rxd5 Rxd5 34. Rd3 Nc3 35. Bg3 Rb5) 33. Rxc5 Rxc5 34. bxc5 Rxb8 $15 {[%mdl 4096] Endgame KR-KR} 35. Ra3 Rb1+ 36. Kf2 Rb2 37. Rxa6 (37. Kf3 $17 {was necessary.}) 37... Rxc2+ $19 38. Kf3 Rxc5 39. Rd6 Rc4 40. Rd7 (40. g4 $17) 40... Rc3+ 41. Ke4 Rc2 42. Kf3 Rd2 43. h4 g6 (43... h5 $1 $19 44. Rd5 g6) 44. g3 (44. g4 $17 {keeps fighting.}) 44... d3 (44... h5 $19 45. Ke4 Rd1) 45. Ke3 Rd1 $1 46. Rxd3 $2 (46. h5 $19) 46... Rxd3+ 47. Kxd3 {K3P-KPP} h5 48. Ke4 Kf7 49. Kf4 Ke6 50. Ke4 g5 $2 (50... Kd6 {mates} 51. Kd4 g5 52. Ke4 Ke6 53. hxg5 fxg5 54. Kf3 Kd5 55. Ke3 Ke5 56. Kf3 Kd5 57. Ke3 Ke5 58. Kd3 Kf5 59. Ke3 Kg4 60. Kf2 Kh3 61. Kf3 g4+ 62. Ke2 Kxg3 63. Kf1 Kh2 64. Kf2 h4 65. Ke3 g3 66. Kd4 g2 67. Kd5 h3 68. Ke4 g1=Q 69. Kf4 Qd4+ 70. Kg5 Kg2 71. Kg6 h2 72. Kf5 h1=Q 73. Ke6 Qh6+ 74. Kf7 Qd7+ 75. Kg8 Qdh7#) 51. hxg5 $1 $11 fxg5 {[%cal Bf6g5,Bg5g4][%mdl 32] KPP-KP} 52. Kf3 Kd5 {Hoping for ...Kd4.} 53. Ke3 Ke5 {Strongly threatening ...Kf5.} 54. Ke2 $2 {[%mdl 8192] [#]} (54. Kf3 $11 Kd4 55. Ke2) 54... Kd4 $1 {[%cal Rd4e4] Black mates.} 55. Kf3 {[#]} Kd3 $1 56. Kf2 g4 {Precision: White = 29%, Black = 59%.} 0-1

[Event "MTS Logistics 2017"]
[Site "Urla"]
[Date "2017.07.09"]
[Round "4.5"]
[White "Maghalashvili, Davit"]
[Black "Dedebas, Emre Emin"]
[Result "1-0"]
[WhiteElo "2489"]
[BlackElo "2322"]
[Annotator "TA"]
[PlyCount "75"]
[EventDate "2017.??.??"]
[EventType "schev"]
[EventCountry "TUR"]
[SourceTitle "playchess.com"]
[Source "ChessBase"]
[SourceQuality "1"]

{[%evp 17,75,15,26,3,33,33,32,13,29,25,31,31,31,31,31,29,31,14,18,16,92,94,97,97,90,97,100,95,100,99,110,107,118,115,146,140,177,169,150,147,139,105,146,145,153,159,409,409,409,409,409,409,409,394,394,394,412,402,544,541]} 1. Nf3 d5 2. g3 Nf6 3. Bg2 c6 4. O-O Bg4 5. d3 Nbd7 6. Nbd2 e5 7. e4 Bd6 8. h3 Bh5 9. exd5 cxd5 10. c4 {A07: Réti Opening: New York and Capablanca Systems} O-O 11. cxd5 $1 Nxd5 12. Qb3 {White is slightly better.} N5f6 13. Nc4 Nc5 14. Qa3 {aiming for g4.} Be7 15. Ncxe5 ({Don't play} 15. Nfxe5 Be2 $15) 15... Bxf3 16. Bxf3 Ncd7 17. Qc3 $36 {[%mdl 2048] White is pushing.} Rc8 {[#]} 18. Qe1 $146 Bb4 (18... Bc5 $11 19. Ng4 (19. Bxb7 Re8 $15) 19... Nxg4 20. Bxg4 Re8) 19. Qxb4 $16 Nxe5 20. Bg2 ({Avoid the trap} 20. Qxb7 $2 Rb8 $19) 20... b6 21. Qa3 Qd7 22. Bf4 Nc6 23. Qa4 Nd5 24. Bd2 Rfd8 25. Rac1 {[%cal Ba1c1,Bc1c3,Bc3c2][%mdl 32]} h6 26. Rfe1 Nde7 {[#]} 27. Rc3 $1 {And now Bxc6 would win.} Nd5 28. Rc2 Rc7 29. Qg4 {Hoping for Qxd7.} Qxg4 30. hxg4 {Black must now prevent Rec1.} Nd4 31. Rc4 Ne6 $2 {[#]} (31... Rxc4 $16 32. dxc4 Nf6) 32. Rxe6 $1 $18 {[%mdl 512]} Rxc4 (32... fxe6 33. Bxd5) 33. dxc4 fxe6 34. cxd5 exd5 35. Kf1 Kf7 36. f4 Ke6 37. Ke2 Rh8 38. Bc3 {Precision: White = 91%, Black = 46%.} 1-0

[Event "MTS Logistics 2017"]
[Site "Urla"]
[Date "2017.07.09"]
[Round "4.6"]
[White "Firat, Burak"]
[Black "Gokerkan, Cem Kaan"]
[Result "1/2-1/2"]
[WhiteElo "2480"]
[BlackElo "2321"]
[Annotator "TA"]
[PlyCount "78"]
[EventDate "2017.??.??"]
[EventType "schev"]
[EventCountry "TUR"]
[SourceTitle "playchess.com"]
[Source "ChessBase"]
[SourceQuality "1"]

{[%evp 14,78,24,14,23,16,28,27,39,41,39,39,41,39,41,37,39,35,34,28,56,17,73,73,85,77,118,126,141,82,79,72,78,75,73,92,112,108,108,109,108,111,103,101,243,236,245,235,225,87,85,83,452,15,15,-495,-489,-475,-476,-561,0,0,0,-543,0,0,0]} 1. c4 g6 2. g3 Bg7 3. Bg2 Nf6 4. Nc3 e5 5. e3 O-O 6. Nge2 Nc6 7. O-O d6 8. b3 {LiveBook: 6 Games} Bf5 {A25: English Opening vs King's Indian with ...Nc6 but without early d3} 9. e4 (9. h3 Qd7 10. Kh2 Bd3 11. f4 h5 12. Rf2 e4 13. Ba3 a5 14. Nc1 Nb4 15. Bxb4 axb4 16. Nxd3 bxc3 {1-0 (116) Guramishvili,S (2368)-Vogel,R (2439) Doha 2015}) 9... Bg4 10. f3 $146 ({Predecessor:} 10. h3 Be6 11. Nd5 Qd7 12. Kh2 Bxd5 13. cxd5 Nd4 14. Nxd4 exd4 15. Bb2 Rfe8 16. Qc2 Qe7 {½-½ (31) Trocha,A (1539)-Cholewinski,R Warsaw 2011}) 10... Be6 {White has an edge.} 11. d3 Nh5 12. Rb1 a5 13. Nb5 Qd7 14. Be3 f5 15. exf5 gxf5 16. f4 Rae8 17. Qd2 exf4 (17... Nf6 $11 {keeps the balance.}) 18. Nxf4 $16 Nxf4 19. Bxf4 b6 20. d4 Ne7 21. Bh6 (21. d5 $142 Bf7 22. Be3) 21... c6 22. Nc3 {[%cal Bb5c3,Bc3a4,Ba4b2,Bb2d3][%mdl 32]} d5 23. Bxg7 Kxg7 24. Na4 Nc8 25. c5 $36 {[%mdl 2048] White has strong initiative.} b5 26. Nb2 Ne7 27. Nd3 Ng6 28. h4 {[%cal Bh2h4,Bh4h5][%mdl 32] Threatens to win with h5.} f4 (28... Qd8 $16 {might work better.}) 29. h5 $18 (29. Nxf4 $6 Nxf4 30. Rxf4 Rxf4 $16) (29. gxf4 Kh8 $11) 29... Bg4 {[#] And now ...Re2 would win.} 30. hxg6 Re2 31. Qxa5 (31. Qc1 $18 f3 32. Rb2) 31... f3 $16 32. Bh1 {Black must now prevent Rbe1.} Bh5 $2 {[%mdl 8192] [#]} (32... f2+ $16 {is a better chance.} 33. Nxf2 (33. Rxf2 Rfxf2 34. Nxf2 Rxf2 $16) 33... Rfxf2) 33. Rf2 $2 (33. Ne5 Qh3 $11) (33. Rbe1 $1 $18) 33... Bxg6 $11 34. Rd1 $2 {[%mdl 8192]} (34. Rxf3 $11 {and White stays safe.} Bxd3 35. Re1 (35. Rxd3 Qh3 36. Qc7+ Kg8 37. g4 Qxd3 38. Bg2 Qxb1+ 39. Kh2 Rxg2+ 40. Kxg2 Qf1+ 41. Kh2 Rf2+ 42. Kg3 Rg2+ 43. Kh4 Qf6+ 44. Kh5 Qg6+ 45. Kh4 Qxg4#)) 34... Qh3 $19 35. Qc7+ ({Don't blunder} 35. Rxe2 $2 fxe2 36. Qe1 exd1=R) 35... Rf7 36. Qd6 Rf6 37. Qc7+ ({But not} 37. Rxe2 $2 Rxd6 38. Re7+ Kf6 $19) 37... Rf7 38. Qd6 $1 Rf6 $2 (38... Bxd3 $1 $19 39. Bxf3 Rxf2 40. Qe5+ Rf6 41. Kxf2 Be4) 39. Qc7+ $11 ({Not} 39. Rxe2 $2 Rxd6 40. Re7+ Kf6 $19) 39... Rf7 {Precision: White = 68%, Black = 44%.} 1/2-1/2

[Event "MTS Logistics 2017"]
[Site "Urla"]
[Date "2017.07.09"]
[Round "4.7"]
[White "Yilmazyerli, Mert"]
[Black "Ozen, Bahadir"]
[Result "1-0"]
[WhiteElo "2459"]
[BlackElo "2315"]
[Annotator "TA"]
[PlyCount "47"]
[EventDate "2017.??.??"]
[EventType "schev"]
[EventCountry "TUR"]
[SourceTitle "playchess.com"]
[Source "ChessBase"]
[SourceQuality "1"]

{[%evp 19,47,37,46,52,79,61,66,73,68,72,186,184,233,130,225,156,375,399,668,670,892,886,897,896,843,839,888,864,1569,1569]} 1. e4 d6 2. d4 Nf6 3. Nc3 e5 4. Nf3 exd4 5. Nxd4 Be7 6. Be2 O-O 7. Bf4 Nc6 8. Qd2 Nxd4 9. Qxd4 Be6 10. O-O-O a6 {LiveBook: 7 Games. C41: Philidor Defence} 11. Qe3 Qb8 $146 ({Predecessor:} 11... Nd7 12. g4 b5 13. h4 b4 14. Nd5 Bxd5 15. Rxd5 Re8 16. g5 c6 17. Rdd1 Qa5 18. Kb1 {1-0 (32) David,A (2561)-Welling,G (2319) Bratto 2016}) 12. e5 dxe5 {White is slightly better.} 13. Bxe5 b5 14. Qg3 g6 (14... Qa7 $16) 15. Bf3 $1 $18 ({But not} 15. Bxc7 $6 Qa7 $16) 15... Ra7 {[#]} 16. Qf4 (16. h4 $1 $18) 16... Ne8 (16... b4 $16 {was worth a try.}) 17. Rhe1 $36 {[%mdl 2048] White is on the roll.} Qc8 $2 {[#]} (17... Qb6 $16 18. b3 c6) 18. Bc6 $1 b4 $2 (18... a5 19. Nxb5 (19. Bxb5 c6 $18) 19... Rb7 20. Bxb7 Qxb7) 19. Ne4 {White is clearly winning.} f6 20. Bd4 {[%cal Be5d4,Bd4c5,Bc5f8][%mdl 32]} Ra8 21. Nc5 Bd6 22. Qe4 Bxc5 23. Bxc5 Ng7 24. Bxf8 {Precision: White = 89%, Black =  7%.} 1-0

[Event "MTS Logistics 2017"]
[Site "Urla"]
[Date "2017.07.09"]
[Round "4.8"]
[White "Drasko, Milan"]
[Black "Esen, Baris"]
[Result "1/2-1/2"]
[WhiteElo "2451"]
[BlackElo "2528"]
[Annotator "TA"]
[PlyCount "35"]
[EventDate "2017.??.??"]
[EventType "schev"]
[EventCountry "TUR"]
[SourceTitle "playchess.com"]
[Source "ChessBase"]
[SourceQuality "1"]

{[%evp 20,35,42,24,32,28,26,22,25,23,16,24,43,45,24,15,21,11]} 1. Nf3 Nf6 2. g3 g6 3. Bg2 Bg7 4. O-O O-O 5. d4 d5 6. c4 dxc4 7. Na3 {[%cal Bb1a3,Ba3c4,Bc4d2][%mdl 32]} c3 8. bxc3 c5 9. e3 Nc6 10. Bb2 Bf5 {[%cal Bc8f5,Bf5e4,Be4d5][%mdl 32]} 11. Re1 {LiveBook: 6 Games. D77: Fianchetto Grünfeld: 6 0-0: Replies other than 6...c6} (11. Nd2 Qc8 12. e4 Bg4 13. f3 cxd4 14. cxd4 Bh3 15. Rc1 Bxg2 16. Kxg2 Qd8 17. Nb3 Nb4 18. Nc2 Nxc2 19. Rxc2 {1-0 (40) Eljanov,P (2765)-Grandelius,N (2649) Stavanger 2016}) 11... Be4 12. Nc4 Bd5 $146 ({Predecessor:} 12... Rc8 13. Ncd2 Bd3 14. Nb3 c4 15. Nc5 e5 16. Nxd3 cxd3 17. Nd2 Re8 18. Ne4 Qb6 {1-0 (28) Velickovic,Z (2400)-Novak,G (2235) Murska Sobota 2008}) 13. Qe2 {White has an edge.} Rc8 14. Ncd2 {e4 is the strong threat.} cxd4 15. exd4 e6 16. c4 Bxf3 $1 17. Nxf3 Qa5 18. Nd2 1/2-1/2

[Event "MTS Logistics 2017"]
[Site "Urla"]
[Date "2017.07.09"]
[Round "4.9"]
[White "Bagaturov, Giorgi"]
[Black "Nevednichy, Vladislav"]
[Result "1/2-1/2"]
[WhiteElo "2412"]
[BlackElo "2524"]
[Annotator "TA"]
[PlyCount "29"]
[EventDate "2017.??.??"]
[EventType "schev"]
[EventCountry "TUR"]
[SourceTitle "playchess.com"]
[Source "ChessBase"]
[SourceQuality "1"]

{[%evp 28,29,16,0]} 1. d4 Nf6 2. c4 e6 3. Nf3 d5 4. g3 Bb4+ 5. Bd2 Be7 6. Bg2 O-O 7. O-O c6 8. Qc2 b6 9. Rd1 Bb7 10. Bf4 Nh5 11. Bc1 Nf6 12. Bf4 $146 (12. b3 Nbd7 13. Nc3 Rc8 14. e4 c5 15. dxc5 dxc4 16. b4 a5 17. a3 axb4 18. axb4 bxc5 19. b5 Qc7 20. Bf4 e5 21. Bg5 Nb6 22. Nd2 {½-½ (32) Nakamura,H (2787)-Carlsen,M (2855) Bilbao 2016}) ({Predecessor:} 12. Ne5 Qc8 13. Nc3 Nbd7 14. e4 Rd8 15. Bf4 Bb4 16. Nxd7 Nxd7 17. Qb3 Bxc3 18. Qxc3 dxe4 19. Bxe4 c5 20. Bxb7 Qxb7 21. dxc5 {½-½ (20) Wojtaszek,R (2722)-Vallejo Pons,F (2700) Gjakova 2016}) 12... Nh5 13. Bc1 Nf6 14. Bf4 {E06: Closed Catalan: Early deviations} Nh5 15. Bc1 {LiveBook: 16 Games} 1/2-1/2

[Event "MTS Logistics 2017"]
[Site "Urla"]
[Date "2017.07.09"]
[Round "4.10"]
[White "Arat, Ufuk Sezen"]
[Black "Benidze, Davit"]
[Result "0-1"]
[WhiteElo "2400"]
[BlackElo "2515"]
[Annotator "TA"]
[PlyCount "72"]
[EventDate "2017.??.??"]
[EventType "schev"]
[EventCountry "TUR"]
[SourceTitle "playchess.com"]
[Source "ChessBase"]
[SourceQuality "1"]

{[%evp 28,72,39,35,59,56,54,24,29,19,21,18,52,60,104,81,94,-56,-53,-52,-44,-56,-47,-36,-38,-46,-45,-79,-75,-78,-87,-84,-77,-71,-80,-122,-112,-271,-278,-433,-448,-620,-610,-29990,-29991,-29991,-29992]} 1. d4 Nf6 2. c4 c5 3. d5 d6 4. Nc3 g6 5. g3 Bg7 6. Bg2 O-O 7. Nf3 a6 8. a4 e6 9. O-O exd5 10. cxd5 Re8 11. Bf4 Qe7 {A62: Modern Benoni: Fianchetto Variation without early ...Nbd7} 12. e4 Nbd7 13. h3 Rb8 14. Re1 Nh5 15. Bg5 {LiveBook: 4 Games} Bf6 16. Bxf6 Qxf6 {[#]} 17. Qd3 $146 ({Predecessor:} 17. a5 b5 18. axb6 Rxb6 19. Ra2 {½-½ (36) Khismatullin,D (2664)-Andriasian,Z (2600) St Petersburg 2012}) 17... Ne5 18. Nxe5 Qxe5 19. Kh2 Bd7 20. f4 Qf6 21. a5 b5 22. b4 (22. e5 $16 dxe5 23. Ne4) 22... cxb4 $15 23. Na2 Rbc8 ({Of course not} 23... Qb2 $6 24. Reb1 $11) 24. Rab1 Qd8 $1 25. Nxb4 Qxa5 26. Qd2 Qb6 27. e5 dxe5 28. fxe5 {[#]} a5 $1 {[%cal Ra5b4]} 29. Nc6 Bxc6 30. dxc6 b4 31. Bd5 Qc7 32. Rf1 $2 (32. Re3 $17) 32... Rxe5 $19 33. Bxf7+ (33. Rb3 $142 Qe7 34. Rf2) 33... Kg7 34. Bb3 {[#]} Nxg3 $1 {[%mdl 512]} 35. Kxg3 {Rf7+ is the strong threat.} Rg5+ 36. Kf3 Rf8+ {Precision: White = 42%, Black = 84%.} 0-1